|
|
|
|
| LEADER |
00829nab a2200193 i 4500 |
| 001 |
misc7322 |
| 005 |
20191106144231.0 |
| 008 |
170607s1897 hu o 0|| hun d |
| 022 |
|
|
|a 0025-0260
|
| 040 |
|
|
|a SZTE Miscellanea Repozitórium
|b hun
|
| 041 |
|
|
|a hun
|
| 100 |
1 |
|
|a Madzsar Gusztáv
|
| 245 |
1 |
0 |
|a Endrei Ákos, Német nyelvkönyv
|h [elektronikus dokumentum] :
|b (Budapest. Lampel R., Wodianer F. és fiai kiadása. S.-r. 180 1. ára fűzve 1 frt.) : [könyvismertetés] /
|c Madzsar Gusztáv
|
| 260 |
|
|
|c 1897
|
| 300 |
|
|
|a 448-451
|
| 490 |
0 |
|
|a Magyar pedagógia : a Magyar Tudományos Akadémia Pedagógiai Bizottságának folyóirata
|v 6
|
| 695 |
|
|
|a Német nyelv tankönyv, Német nyelv tanítása, Nyelvkönyv
|
| 700 |
0 |
1 |
|a Endrei Ákos
|
| 856 |
4 |
0 |
|u http://misc.bibl.u-szeged.hu/7322/1/mp_1897_0468_448-451.pdf
|z Dokumentum-elérés
|